000 00739nam a2200205 i 4500
001 146641
003 ES-MaACL
005 20231226155051.0
007 t|
008 070913s1917 xxk ||||1| spa d
100 1 _aToynbee, Arnold Joseph.
_9111194
245 1 3 _aEl terrorismo alemán en Bélgica /
_cnarración basada en los documentos por Arnold Joseph Toynbee ; con una introducción por Ramiro de Maeztu.
260 _aLondres :
_bHaymace, Christy & Lilly,
_c1917.
300 _a166 p. :
_bil., 2 map. ;
_c21 cm.
650 4 _aGuerra mundial, 1914-1918-
_zBélgica.
_9158946
700 1 _aMaeztu, Ramiro de,
_d1875-1936
_975421
852 _aES-MaACL
_jF-4304
852 _aES-MaACL
_jG-14090
999 _c146641
_d146641